00959nam a2200289 a 450000100080000000500110000800800410001902000180006010000180007824500750009625000100017126000350018130000100021650000220022652002450024865300130049365300150050665300170052165300140053865300300055265300250058265300130060765300130062065300110063365300090064470000160065311078272010-11-19 2002 bl uuuu 00u1 u #d a85-224-3104-31 aMATHIAS, W.F. aMatematica financeira; com + de 600 exercicios resolvidos e propostos. a3.ed. aSao Paulo: Editora Atlasc2002 a455p. aAcompanha CD-Rom. aJuros simples e montantes; Juros compostos; Equivalencia de capitais; Anuidade e emprestimo; Modelos genericos de anuidades; Emprestimo; Taxa de juros aparente, juros real e correcao monetaria; Tabelas de contagem dias; Tabelas financeiras. aAnuidade aEmprestimo aEquivalencia aExercIcio aJuros: Correcao monetaria aMatemtica financeira aMontante aProblema aTabela aTaxa1 aGOMES, J,M,